00690cam a2200229 a 4500001000800000005001700008008004100025010001700066020001500083040001300098041000800111080001800119082002200137100000700159101000800166245004500174504006600219906004500285942001200330999001700342952010100359291295520180315054316.0900830s1989 iauafg b 001 0 eng  a 88070487  a0697036448 aDLCcDLC aeng a372.87044 NEW00a372.87044 NEW2201 a45 aMUZ10aTeaching children music :cGrant Newman. aIncludes bibliographical references (p. 368-371) and indexes. a7bcbccorignewd2eopcnf19gy-gencatlg 2ddccBK c45104d45104 00102ddc4070a002b002d2018-03-15l0o372.87044 NEWp002-3001880r2018-03-15w2018-03-15yBK